000 01252cam a22001934a 4500
005 20250605164209.0
008 250528s ||||||||||||||||||||||||d
035 _a20162
020 _a878930604
040 _aGR-AtMCL
_bgre
_dGR-AtMCL
_eAACR2
245 1 _aNeuroanatomy Through Clinical Cases
260 _bSinauer Associates, Inc,
_c2002
300 _a954
520 _aIntroduction to Clinical Care Presentations, Neuroanatomy Overview and Basic Definitions, The Neurologic Exam as a Lesson in Neuroanatomy, Introduction to Clinical Neuroradiology, Brain and Environs: Cranium and Ventricles and Meninges, Corticospinal Tract and Other Motor Pathways, Somatosensory Pathways, Spinal Nerve Roots, Major Plexuses and Peripheral Nerves, Celebral Hemispheres and Vascular Supply, Visual System, Brainstem I: Surface Anatomy and Cranial Nerves, Brainstem II: Eye Movements and Pupillary Control, Brainstem III: Nuclei and Pathways and Vascular Supply, Cerebellum, Basal Ganglia, Pituitary and Hypothalamus, Limbic System: Homeostasis and Olfaction and Memory and Emotion, Higher-Order Celebral Function, Epilogue: A Simple Working Model of the Mind.
700 1 _aBlumenfeld Hal
_96214
942 _cBK
999 _c5301
_d5301